Can You Name All The Characteristics Of Mandy From Brawl Stars? - Statistics

General Stats
  • This quiz has been taken 2 times
  • The average score is 9 of 15
Answer Stats
Hint Answer % Correct
Rarity Epic
100%
Buffies No
100%
Trait No
100%
Attack Candy Dispenser
50%
Trio Candyland
50%
Gadgets Caramelize
50%
Gadgets Cookie Crumbs
50%
Prestige Title Free Candy
50%
Star Power Hard Candy
50%
Star Power In My Sights
50%
Class Marksman
50%
Hypercharge Sugar for All
50%
Super Sugar Ray
50%
Title Tough Cookie
50%
Voice Actor Nola Klop
0%
No matching quizzes found
Score Distribution
Percent of People with Each Score
Percentile by Number Answered
Your Score History
You have not taken this quiz